000 00535nam a2200193 i 4500
001 bgj
100 1 _aARMANSKI, Gerhard.
245 1 0 _a"...und schon siehst Du alt aus" :
_bDas Alter in Geschichte und Gesellschaft /
_cGerhard Armanski.
260 _aBielefeld :
_bAJZ,
_c1990.
300 _a128 S. :
_bIll. ;
_c21 cm.
504 _aBibliographie S. 122-128.
650 9 _aAlter
020 _a3921680913
040 _cBPK
041 0 _ager
920 _a3-921680-91-3
942 _cKS
008 s gw f |000 0 ger
999 _c49487
_d49487
856 _uhttp://koha.tu.koszalin.pl/cgi-bin/koha/opac-detail.pl?biblionumber=49487
_yKatalog online BPK